000 00803nam a22002897a 4500
001 BR8501912
003 BR-BrBNA
005 20230928092134.0
007 ta
008 230509b bl.||||| |||| 00| 0 por d
040 _aBR-BrBNA
_bpor
_cBiblioteca Nacional de Agricultura
041 _a(Por)
072 _aE80; S30
_b1540
_b9300
090 _ 1540 BR8501912
100 1 _aLamarao, M.L.
110 1 _aAssociacao de Assistencia Tecnica e Extensao Rural do Territorio Federal do Amapa, Macapa (Brasil)
_9401
245 1 _aReceitas de mandioca
246 1 _a[Cassava foods]
260 3 _aMacapa, AP (Brasil):
_c1984.
300 _a20 p.
650 _aMANDIOCA
650 _aCULINARIA
650 _aNUTRICAO HUMANA
650 _aAMAPA
909 _a202309
_bLucia
_c55
_dLucia Elande
942 _cBK
999 _c37335
_d37335